Russkij jazyk v Slovakii: včera, segodňa, zavtra
Skúmanie situácie s výučbou ruštiny na slovenských školách v súčasnosti a minulosti. Štúdium ruského jazyka ako cudzieho jazyka v koncepte socio-politických podmienok.
Salvato in:
| Autore principale: | |
|---|---|
| Altri autori: | |
| Natura: | Capitolo di libro |
| Lingua: | russo |
| Soggetti: | |
| Tags: |
Nessun Tag, puoi essere il primo ad aggiungerne!!
|
MARC
| LEADER | 00000naa$a2200000$$$4500 | ||
|---|---|---|---|
| 001 | 0287695 | ||
| 005 | 20240502083918.5 | ||
| 041 | 0 | |a rus | |
| 044 | |a RU | ||
| 245 | 1 | 0 | |a Russkij jazyk v Slovakii: včera, segodňa, zavtra |c Elena Michajlovna Markova, Roman Kvapil |
| 520 | |a Skúmanie situácie s výučbou ruštiny na slovenských školách v súčasnosti a minulosti. Štúdium ruského jazyka ako cudzieho jazyka v koncepte socio-politických podmienok. | ||
| 610 | 2 | 0 | |a ruština |
| 610 | 2 | 0 | |a jazyky cudzie |
| 610 | 2 | 0 | |a história |
| 610 | 2 | 0 | |a Slovensko |
| 100 | 1 | |a Markova, Elena Michajlovna, 1960- | |
| 700 | 1 | |a Kvapil, Roman, 1971- | |